| 000 | 00833 a2200157 4500 | ||
|---|---|---|---|
| 003 | Nust | ||
| 005 | 20230314104435.0 | ||
| 040 | _cNust | ||
| 082 | _a387.5,BAR | ||
| 100 |
_aR.H Thoranton _9110236 |
||
| 245 |
_aBritish Shipping / _cR.H.Thornton |
||
| 260 |
_aLondon _bCambridge universty press _c1945 |
||
| 300 | _avi:304,p; | ||
| 505 | _aThe Coming of System (Page-3), The Steam Packet Company (Page-24), Free Trade (Page-42), Progress (Page-59), The British Mercantile Marine (Page-75), Economic Nationalism (Page-95), The Ship ad its Job (Page-115), Sea Carriage (Page-128), Dockside (Page-144), The Ship (Page-162), The Office (Page-180), Passengers (Page-196), The Men (Page-211), Watch Keepers (Page-229), The Voyage (Page-247), Competition and Combination (Page-266), The Business of Shipowing (Page-284). | ||
| 942 |
_2ddc _cBK |
||
| 999 |
_c193937 _d193937 |
||